000
00293nam a2200097Ia 4500
082
_a
J|363.72|ETIN
245
0
_a
Public sanitation (building a public latrine)
100
_a
Etingoff Kim, Kim [South Africa], 2010
_9
58773
942
_c
BK
008
210817s9999 xx 000 0 und d
999
_c
184140
_d
184139